|
|
|
|
| LEADER |
00895nab a2200181 i 4500 |
| 001 |
acta31097 |
| 005 |
20210531150732.0 |
| 008 |
161017s1928 hu o 0|| hun d |
| 022 |
|
|
|a 0365-3870
|
| 040 |
|
|
|a SZTE Egyetemi Kiadványok Repozitórium
|b hun
|
| 041 |
|
|
|a hun
|
| 100 |
1 |
|
|a Berde Károly
|
| 245 |
1 |
2 |
|a A m. kir. Ferencz József-Tudományegyetem Bőr- és Nemikórtani tanszékének és klinikájának félévszázados története
|h [elektronikus dokumentum] :
|b 1874 - 1924 : a szegedi uj [!új] klinikai telep létesítése alkalmából /
|c Berde Károly
|
| 260 |
|
|
|c 1928
|
| 300 |
|
|
|a 53-107
|
| 490 |
0 |
|
|a Acta Litterarum ac Scientiarum Regiae Universitatis Hungaricae Francisco-Josephinae : sectio medicorum
|v 1
|
| 695 |
|
|
|a Géber Ede, Marschalkó Tamás csépánfalvi, Veress Ferenc, Orvostudomány
|
| 856 |
4 |
0 |
|u http://acta.bibl.u-szeged.hu/31097/1/medicorum_001_053-107.pdf
|z Dokumentum-elérés
|